01005nam a2200253Ia 4500008004100000020001600041040001400057082002000071100002000091245009000111260004100201300001900242365002600261366000800287505002200295530003000317620004700347630009000394650001500484730009000499942000900589999001900598952013400617100315s9999 xx 000 0 und d a333149882  cENGLISH  b8892 a330.1  a"Kregel, J.A. " aThe Reconstruction of Political Economy : an Introduction to Post-Keynesian Economics aLondon bMacmillan Press  c1973  a"xviii,218  " eRupees d1 b0.00  f0  gVaibhav Gaikwad  bDonated By RBI Library   a"Political Economy, Economic, RBI Book, " aThe Reconstruction of Political Economy : an Introduction to Post-Keynesian Economics aECONOMIC  aThe Reconstruction of Political Economy : an Introduction to Post-Keynesian Economics cBOOK c483627d483624 00104070aVPMBRIMSbVPMBRIMSd2009-06-16g0.00l0o330.1 /KRE  8892 pVPMBRIMS-8892 r2010-03-19 00:00:00w2010-03-19yBOOK